| 000 | 00473nam a2200181Ia 4500 | ||
|---|---|---|---|
| 001 | 7359 | ||
| 005 | 20260306160449.0 | ||
| 008 | 260306t2015||||xx |||||||||||||| ||spa|| | ||
| 041 | _aESP | ||
| 082 |
_a338.61 _bC38 |
||
| 100 |
_aCavanagh, Jonathan _eAUT |
||
| 245 | 0 |
_aPeru: _bThe top 10000 companies 2015: las 10,000 principales empresas del Perú |
|
| 260 | _c2015 | ||
| 300 |
_a1371 páginas : _c30 cm. |
||
| 650 | _aGEN | ||
| 654 | _aCAN | ||
| 942 |
_cLIB _dJUS _fJUS _2ddc _n |
||
| 999 |
_c7359 _d7359 |
||